El nuevo look de la economía argentina (Registro nro. 6687)

Detalles MARC
000 -LEADER
fixed length control field 01063 a2200217 4500
001 - CONTROL NUMBER
control field 59433
005 - DATE AND TIME OF LATEST TRANSACTION
control field 20260407155848.0
008 - FIXED-LENGTH DATA ELEMENTS--GENERAL INFORMATION
fixed length control field 260407a1995 arg spa d
003 - CONTROL NUMBER IDENTIFIER
control field AR-UNSa-BCEJYS
040 ## - CATALOGING SOURCE
Original cataloging agency AR-UNSa-BCEJYS
Language of cataloging spa
Transcribing agency AR-UNSa-BCEJYS
080 ## - UNIVERSAL DECIMAL CLASSIFICATION NUMBER
Universal Decimal Classification number 330(82)
Common auxiliary subdivision Economia Argentina
020 ## - INTERNATIONAL STANDARD BOOK NUMBER
International Standard Book Number 950-43-6425-X
041 ## - LANGUAGE CODE
Language code of text/sound track or separate title spa
100 1# - MAIN ENTRY--PERSONAL NAME
Personal name Dagnino Pastore, José María
245 10 - TITLE STATEMENT
Title El nuevo look de la economía argentina
264 #1 - PRODUCTION, PUBLICATION, DISTRIBUTION, MANUFACTURE, AND COPYRIGHT NOTICE
Place of production, publication, distribution, manufacture Buenos Aires :
Name of producer, publisher, distributor, manufacturer Crespillo
Date of production, publication, distribution, manufacture, or copyright notice 1995
300 ## - PHYSICAL DESCRIPTION
Extent xviii, 220 p.
Dimensions 22 cm.
505 ## - FORMATTED CONTENTS NOTE
Formatted contents note 1. Argentina: ¿De golpe primer mundo? - 2. Los “saltos” del producto bruto interno – 3. La economía informal y las nuevas cifras del producto bruto – 4. La historia actual de los productos sectoriales – 5. Los cambios de cifras y la estructura sectorial – 6. ¿Qué paso con la oferta y la demanda agregada? – 7. Nuestros nuevos rasgos y perfil internacional – 8. Comparando kimonos con yerba mate – 9. Reflexiones sobre el pasado y sus visiones
590 ## - LOCAL NOTE (RLIN)
Local note niveau_biblio:m niveau_hierar:0
942 ## - ADDED ENTRY ELEMENTS (KOHA)
Koha item type
Existencias
Withdrawn status Lost status Damaged status Not for loan Home library Current library Shelving location Date acquired Total checkouts Full call number Barcode Date last seen Price effective from Koha item type
        Biblioteca Prof. Eusebio Cleto del Rey Biblioteca Prof. Eusebio Cleto del Rey   07/04/2026   330(82) D125 L65167 07/04/2026 07/04/2026 Libro